000 01627cam a2200193 4500500
005 20251214014141.0
041 _afre
042 _adc
100 1 0 _aMorot-Gaudry
_eauthor
700 1 0 _aMaurel, Christophe
_eauthor
700 1 0 _aMoreau, François
_eauthor
700 1 0 _aPrat, Roger
_eauthor
700 1 0 _aMaurel, Christophe
_eauthor
700 1 0 _aSentenac, Hervé
_eauthor
245 0 0 _aBiologie végétale : Nutrition et métabolisme
260 _bDunod,
_c2021.
520 _aIntégrant les derniers acquis de la biologie cellulaire et de la génétique moléculaire, cet ouvrage en deux volumes offre un panorama de l’ensemble de la biologie végétale enseignée dans les premières années d’études supérieures (Licence, Pharmacie, classes préparatoires, IUT). Ce volume traite de la nutrition hydrominérale, de la photosynthèse et du métabolisme intermédiaire des plantes. Clair et concis, très illustré, le cours est enrichi par des encarts apportant quelques compléments techniques ou historiques. Des questions de révision en fin de chapitre, toutes corrigées, permettent de tester ses connaissances et de s’entraîner avant l’épreuve. Dans cette troisième édition, actualisée, de nouveaux encarts replacent la biologie végétale dans l'actualité (utilisation des engrais, des pesticides, photosynthèse et régulation du climat, chimie verte, etc.). Quelques compléments sont disponibles sur le site dunod.com (aquaporines, métaux lourds, rhizosphère, rubisco…).
856 4 1 _uhttps://stm.cairn.info/biologie-vegetale--9782100824878?lang=fr&redirect-ssocas=7080
999 _c1570306
_d1570306